-
PATIL, MS RESHMA R. & PATIL, MS ASHWINI R, DKAHNE, MS RENUKA B. AND PATIL, DR, VANDANA P
Entry Personal Name
Number of records used in: 1
001 - CONTROL NUMBER
003 - CONTROL NUMBER IDENTIFIER
005 - DATE AND TIME OF LATEST TRANSACTION
- control field:
20251117180611.0
008 - FIXED-LENGTH DATA ELEMENTS
- fixed length control field:
251117|| aca||aabn | a|a d
040 ## - CATALOGING SOURCE
- Original cataloging agency:
JRU
- Transcribing agency:
JRU
100 ## - HEADING--PERSONAL NAME
- Personal name:
PATIL, MS RESHMA R. & PATIL, MS ASHWINI R, DKAHNE, MS RENUKA B. AND PATIL, DR, VANDANA P
670 ## - SOURCE DATA FOUND
- Source citation:
Work cat.: (JRU)8909: PATIL, MS RESHMA R. & PATIL, MS ASHWINI R, DKAHNE, MS RENUKA B. AND PATIL, DR, VANDANA P., A PRACTICAL MANUAL OF INDUSTRIAL PHARMACY - I [3RD YEAR B. PHARMA V- SEMESTER] , 2024